000 00498 a2200181 4500
020 _a0070213550 (alk. paper)
040 _aDLC
_bDLC
082 0 0 _a657
100 1 _aEskew, Robert K.,
245 1 0 _aFinancial accounting
_cRobert K. Eskew, Daniel L. Jensen.
250 _a5th ed.
260 _aNew York :
_bMcGraw-Hill,
_cc1996.
300 _axxxi, 896 p. :
_bcol. ill. ;
_c29 cm.
500 _aIncludes index.
650 0 _aAccounting.
700 1 _aJensen, Daniel L.
942 _cBK
_k657 ESK
_2ddc
999 _c8524
_d8524